Analýza socio-ekonomických dôsledkov rozvoja mikrofinancií

Rôzne spôsoby a druhy financovania ekonomických subjektov, či už sa jedná o súkromné ekonomické subjekty alebo o štátne subjekty týkajúce sa ekonomického zámeru. Jedným z najčastejších osobných rozvojov na spolufinancovanie start-upov (novo-vznikajúci podnik) je Crowdfunding, Žltý melón, Zinc Euro a...

Descripción completa

Guardado en:
Detalles Bibliográficos
Autor principal: Potoma, Radoslav, 1992-
Formato: Capítulo de libro
Lenguaje:eslovaco
Materias:
Etiquetas: Agregar Etiqueta
Sin Etiquetas, Sea el primero en etiquetar este registro!

MARC

LEADER 00000naa$a2200000$$$4500
001 0271057
005 20240502074245.8
041 0 |a slo 
044 |a SK 
245 1 0 |a Analýza socio-ekonomických dôsledkov rozvoja mikrofinancií  |c Radoslav Potoma 
520 |a Rôzne spôsoby a druhy financovania ekonomických subjektov, či už sa jedná o súkromné ekonomické subjekty alebo o štátne subjekty týkajúce sa ekonomického zámeru. Jedným z najčastejších osobných rozvojov na spolufinancovanie start-upov (novo-vznikajúci podnik) je Crowdfunding, Žltý melón, Zinc Euro a ďalšie. Tieto formy využívajú prevažne start-upy, ktoré nemajú vlastný kapitál na počiatočnú investíciu do podnikania, resp. sa snažia zaujať iných investorov, aby ich podporili rôznymi inými spôsobmi. 
610 2 0 |a start-up 
610 2 0 |a crowdfunding 
610 2 0 |a financovanie 
610 2 0 |a zdroje finančné 
610 2 0 |a inovácia 
100 1 |a Potoma, Radoslav, 1992-